[Event "Landesliga Nord 1718"]
[Site "Bayern"]
[Date "2018.02.04"]
[Round "6.2"]
[White "Siepelt, Heiner"]
[Black "Kraft, Volker"]
[Result "1/2-1/2"]
[WhiteElo "2248"]
[BlackElo "2318"]
[PlyCount "28"]
[EventDate "2017.10.22"]
[EventType "team-tourn"]
[EventRounds "9"]
[EventCountry "GER"]
[SourceTitle "EXT 2022"]
[Source "ChessBase"]
[SourceDate "2021.10.06"]
[SourceVersion "1"]
[SourceVersionDate "2021.10.06"]
[SourceQuality "1"]
[WhiteTeam "Wuerzburg"]
[BlackTeam "Zirndorf"]
[WhiteTeamCountry "GER"]
[BlackTeamCountry "GER"]

1. g3 c5 2. Bg2 g6 3. e4 Bg7 4. Ne2 Nc6 5. 0-0 d6 6. c3 e5 7. Na3 Nge7 8. Nc2 0-0 9. d4 cxd4 10. cxd4 Nxd4 11. Ncxd4 exd4 12. Nxd4 d5 13. exd5 Nxd5 14. Nb3 Nb4 1/2-1/2

[Event "Regionalliga NW 1617"]
[Site "Bayern"]
[Date "2017.04.30"]
[Round "9.1"]
[White "Wurm, Alexander"]
[Black "Siepelt, Heiner"]
[Result "0-1"]
[WhiteElo "2126"]
[BlackElo "2250"]
[PlyCount "82"]
[EventDate "2016.10.16"]
[EventType "team-tourn"]
[EventRounds "9"]
[EventCountry "GER"]
[SourceTitle "EXT 2019"]
[Source "ChessBase"]
[SourceDate "2018.10.10"]
[SourceVersion "1"]
[SourceVersionDate "2018.10.10"]
[SourceQuality "1"]
[WhiteTeam "Stetten"]
[BlackTeam "Wuerzburg"]
[WhiteTeamCountry "GER"]
[BlackTeamCountry "GER"]

1. d4 Nf6 2. c4 g6 3. Nc3 Bg7 4. e4 d6 5. f3 0-0 6. Be3 a6 7. Qd2 Nbd7 8. Nge2 c5 9. dxc5 dxc5 10. Rd1 Qc7 11. Nf4 e6 12. Nd3 b6 13. Bf4 Qc6 14. a4 Bb7 15. Be2 Rad8 16. 0-0 Nh5 17. Bh6 Bd4+ 18. Kh1 Rfe8 19. f4 Ndf6 20. Bf3 Bxc3 21. Qxc3 Nxe4 22. Qc2 Qc7 23. Ne5 Nhf6 24. Kg1 Rxd1 25. Rxd1 Rd8 26. b3 Rd6 27. g4 Qd8 28. h3 Rd4 29. Rd3 Qd6 30. Kg2 Ne8 31. Rxd4 Qxd4 32. Nd3 N8d6 33. Nf2 f6 34. Nxe4 Bxe4 35. Bxe4 Nxe4 36. f5 exf5 37. gxf5 g5 38. h4 Qe3 39. hxg5 fxg5 40. f6 Kf7 41. Bg7 Qd2+ 0-1

[Event "Landesliga Nord 1314"]
[Site "Bayern"]
[Date "2014.02.23"]
[Round "7.2"]
[White "Kuhn, Tobias"]
[Black "Siepelt, Heiner"]
[Result "1-0"]
[WhiteElo "2225"]
[BlackElo "2327"]
[PlyCount "61"]
[EventDate "2013.10.13"]
[EventType "team"]
[EventRounds "9"]
[EventCountry "GER"]
[SourceTitle "EXT 2015"]
[Source "ChessBase"]
[SourceDate "2014.11.20"]
[SourceVersion "1"]
[SourceVersionDate "2014.11.20"]
[SourceQuality "1"]
[WhiteTeam "Klingenberg/Main"]
[BlackTeam "Wuerzburg"]
[WhiteTeamCountry "GER"]
[BlackTeamCountry "GER"]

1. c4 g6 2. g3 Bg7 3. Bg2 d6 4. Nc3 e5 5. e3 Nc6 6. Nge2 Nge7 7. 0-0 0-0 8. d3 Be6 9. Nd5 Qd7 10. Rb1 Nc8 11. b4 a6 12. a4 Nd8 13. e4 c6 14. Ne3 Bh3 15. f4 Bxg2 16. Kxg2 exf4 17. Nxf4 Ne7 18. Bb2 f5 19. Qb3 Rf7 20. c5 dxc5 21. bxc5 Bxb2 22. Rxb2 Qd4 23. Re2 Qxc5 24. exf5 gxf5 25. Nc4 Nd5 26. Re8+ Rf8 27. Rxf8+ Kxf8 28. Nh5 b5 29. Qb2 Ke7 30. Qg7+ Nf7 31. Re1+ 1-0

[Event "Landesliga Nord 1213"]
[Site "Bayern"]
[Date "2013.04.14"]
[Round "9.2"]
[White "Wiemer, Peter"]
[Black "Siepelt, Heiner"]
[Result "0-1"]
[WhiteElo "2153"]
[BlackElo "2319"]
[PlyCount "72"]
[EventDate "2012.10.14"]
[EventType "team-tourn"]
[EventRounds "9"]
[EventCountry "GER"]
[SourceTitle "EXT 2015"]
[Source "ChessBase"]
[SourceDate "2014.11.20"]
[SourceVersion "1"]
[SourceVersionDate "2014.11.20"]
[SourceQuality "1"]
[WhiteTeam "Zirndorf"]
[BlackTeam "Wuerzburg"]
[WhiteTeamCountry "GER"]
[BlackTeamCountry "GER"]

1. e4 c5 2. c3 d5 3. exd5 Qxd5 4. d4 g6 5. Nf3 Bg7 6. c4 Qe4+ 7. Be3 cxd4 8. Nxd4 Nf6 9. Nc3 Qe5 10. Nf3 Qa5 11. Bd2 0-0 12. Be2 Nc6 13. 0-0 Bf5 14. Qc1 Rfe8 15. a3 Rac8 16. Rd1 Qc7 17. b4 b6 18. Ra2 Red8 19. Nb5 Qb8 20. Bc3 e5 21. a4 a6 22. Na3 Ne4 23. Be1 Nd4 24. Bd3 Nxf3+ 25. gxf3 Nd6 26. Bf1 Be6 27. Rc2 Nf5 28. Rc3 Qb7 29. Bg2 Qe7 30. Rxd8+ Rxd8 31. Nc2 Bh6 32. Ne3 Nd4 33. Qb2 Bf4 34. Kh1 h5 35. Rd3 Qh4 36. Nf1 Bxc4 0-1

[Event "Oberliga Bayern 1112"]
[Site "Bayern"]
[Date "2011.10.23"]
[Round "2.2"]
[White "Kindermann, Stefan"]
[Black "Siepelt, Heiner"]
[Result "1/2-1/2"]
[WhiteElo "2501"]
[BlackElo "2328"]
[PlyCount "81"]
[EventDate "2011.10.02"]
[EventType "team-tourn"]
[EventRounds "9"]
[EventCountry "GER"]
[SourceTitle "EXT 2013"]
[Source "ChessBase"]
[SourceDate "2012.11.22"]
[SourceVersion "1"]
[SourceVersionDate "2012.11.22"]
[SourceQuality "1"]
[WhiteTeam "MSA Zugzwang"]
[BlackTeam "Wuerzburg"]
[WhiteTeamCountry "GER"]
[BlackTeamCountry "GER"]

1. e4 c5 2. Nf3 d6 3. Bc4 Nf6 4. d3 Nc6 5. c3 g6 6. 0-0 Bg7 7. h3 0-0 8. Bb3 b6 9. Re1 Ne5 10. Bc2 Bb7 11. Nbd2 b5 12. d4 cxd4 13. cxd4 Nxf3+ 14. Nxf3 Nd7 15. Bg5 Re8 16. Qe2 Rb8 17. Rad1 Qb6 18. Qd2 a5 19. Bh6 Bh8 20. Ng5 e6 21. Qf4 Re7 22. Nf3 Rc8 23. Bb1 Ree8 24. Qh4 f6 25. Qg3 Nf8 26. Be3 Qc7 27. a3 b4 28. axb4 axb4 29. Bf4 Red8 30. Ba2 Qc2 31. Bxd6 Qxb2 32. Bxf8 Qxa2 33. Bxb4 Qa4 34. Rb1 Qa8 35. d5 exd5 36. e5 d4 37. exf6 Bxf3 38. f7+ Kxf7 39. Re7+ Kg8 40. gxf3 Qd5 41. Qh4 1/2-1/2

[Event "Oberliga Bayern 1011"]
[Site "Germany"]
[Date "2011.04.10"]
[Round "9.1"]
[White "Siepelt, Heiner"]
[Black "Milov, Leonid"]
[Result "1/2-1/2"]
[WhiteElo "2328"]
[BlackElo "2480"]
[PlyCount "238"]
[EventDate "2010.10.10"]
[EventType "team-tourn"]
[EventRounds "9"]
[EventCountry "GER"]
[SourceTitle "EXT 2012"]
[Source "ChessBase"]
[SourceDate "2011.11.24"]
[SourceVersion "1"]
[SourceVersionDate "2011.11.24"]
[SourceQuality "1"]
[WhiteTeam "Wuerzburg"]
[BlackTeam "Nuernberg NT"]
[WhiteTeamCountry "GER"]
[BlackTeamCountry "GER"]

1. c4 f5 2. g3 Nf6 3. Bg2 e5 4. Nc3 Bb4 5. Nd5 Be7 6. d3 0-0 7. e3 d6 8. Ne2 Nxd5 9. cxd5 Qe8 10. 0-0 Nd7 11. Bd2 Nf6 12. Rc1 Bd8 13. b4 Bd7 14. Nc3 h5 15. f3 h4 16. Be1 hxg3 17. hxg3 Qg6 18. Rc2 Nh5 19. Bh3 Qh6 20. Rh2 Qxe3+ 21. Bf2 Qg5 22. Rg2 Nf6 23. f4 exf4 24. gxf4 Qxf4 25. Ne2 Qh6 26. Rh2 Nxd5 27. Nd4 Nf4 28. Qf3 Qg5+ 29. Kh1 Bf6 30. Rg1 Bxd4 31. Rxg5 Bc6 32. Qxc6 bxc6 33. Bxd4 Ne6 34. Rhg2 Rf7 35. Bc3 Nxg5 36. Rxg5 Rb8 37. Rxf5 Rxf5 38. Bxf5 Re8 39. Kg2 Re2+ 40. Kf3 Rc2 41. Bd4 Kf7 42. Bxa7 Rxa2 43. Bb8 g6 44. Bg4 Rb2 45. Bxc7 Rxb4 46. Bxd6 Rd4 47. Bc5 Rxd3+ 48. Ke4 Rd5 49. Bd4 Ke7 50. Be5 Ra5 51. Bd1 Rb5 52. Bc2 Ke6 53. Bd4 Rb4 54. Ke3 g5 55. Be4 Rb3+ 56. Ke2 Kd6 57. Be3 Rb5 58. Kf3 Rb3 59. Bf5 Ke5 60. Bd7 Kd6 61. Bf5 Ke5 62. Bd7 c5 63. Kf2 Rb7 64. Bg4 c4 65. Be2 c3 66. Bxg5 c2 67. Bd3 Rb1 68. Bxc2 Rb2 69. Kf3 Rxc2 70. Bf4+ Kf5 71. Bg3 Rc3+ 72. Kg2 Kg4 73. Bh2 Rc2+ 74. Kh1 Kf3 75. Bg1 Kg3 76. Bb6 Rh2+ 77. Kg1 Rb2 78. Bc7+ Kf3 79. Bd6 Rb6 80. Bc7 Rg6+ 81. Kh1 Kf2 82. Be5 Rg1+ 83. Kh2 Rg5 84. Bd4+ Kf3 85. Bb6 Rh5+ 86. Kg1 Rb5 87. Bc7 Rb7 88. Bd6 Rg7+ 89. Kh1 Kf2 90. Bc5+ Kg3 91. Bd6+ Kh3 92. Bc5 Rg8 93. Bb6 Rg6 94. Bf2 Rg2 95. Bb6 Rb2 96. Bc5 Rc2 97. Bd4 Rc8 98. Ba7 Rc6 99. Bd4 Rc8 100. Bg1 Rh8 101. Bh2 Rh5 102. Bc7 Rc5 103. Bb6 Rc8 104. Bd4 Rc7 105. Bb6 Rc4 106. Ba7 Kg4 107. Kg2 Rc2+ 108. Kh1 Kh3 109. Bd4 Rh2+ 110. Kg1 Rd2 111. Bb6 Rb2 112. Bc5 Rg2+ 113. Kh1 Rg7 114. Bd4 Rd7 115. Bf2 Kg4 116. Kg2 Rd2 117. Kg1 Kf3 118. Bb6 Rd7 119. Kh2 Rd1 1/2-1/2

[Event "Oberliga Bayern 1011"]
[Site "Germany"]
[Date "2011.03.20"]
[Round "8.2"]
[White "Siepelt, Heiner"]
[Black "Wisnet, Dominic"]
[Result "1-0"]
[WhiteElo "2328"]
[BlackElo "2139"]
[PlyCount "89"]
[EventDate "2010.10.10"]
[EventType "team-tourn"]
[EventRounds "9"]
[EventCountry "GER"]
[SourceTitle "EXT 2012"]
[Source "ChessBase"]
[SourceDate "2011.11.24"]
[SourceVersion "1"]
[SourceVersionDate "2011.11.24"]
[SourceQuality "1"]
[WhiteTeam "Wuerzburg"]
[BlackTeam "Rottal"]
[WhiteTeamCountry "GER"]
[BlackTeamCountry "GER"]

1. Nf3 d6 2. d4 Nf6 3. Nc3 g6 4. e4 Bg7 5. h3 a6 6. a4 0-0 7. Be3 e5 8. dxe5 dxe5 9. Qxd8 Rxd8 10. Bc4 Nc6 11. Ng5 Rd7 12. f4 h6 13. Nf3 exf4 14. Bxf4 Re7 15. 0-0 Nb4 16. Rad1 Be6 17. Nd5 Bxd5 18. exd5 Nxc2 19. d6 cxd6 20. Bxd6 Re4 21. Ne5 Rxe5 22. Bxe5 Ne3 23. Bxf6 Bxf6 24. Rxf6 Nxd1 25. Rxg6+ Kh7 26. Rb6 Rc8 27. Bd3+ Kg7 28. Rxb7 Rc6 29. b3 Ne3 30. Kf2 Nd5 31. Bc4 Rf6+ 32. Kg1 Ne3 33. Be2 Nd5 34. a5 Rc6 35. b4 Kf6 36. Kh2 Rd6 37. b5 axb5 38. Bxb5 Rd8 39. a6 Ra8 40. Bc6 Ne7 41. Rxe7 Rxa6 42. Rc7 Kg5 43. Bb7 Rf6 44. Bd5 Kg6 45. Rc6 1-0

[Event "Oberliga Bayern 1011"]
[Site "Germany"]
[Date "2011.02.27"]
[Round "7.1"]
[White "Heika, Martin"]
[Black "Siepelt, Heiner"]
[Result "0-1"]
[WhiteElo "2346"]
[BlackElo "2328"]
[PlyCount "98"]
[EventDate "2010.10.10"]
[EventType "team-tourn"]
[EventRounds "9"]
[EventCountry "GER"]
[SourceTitle "EXT 2012"]
[Source "ChessBase"]
[SourceDate "2011.11.24"]
[SourceVersion "1"]
[SourceVersionDate "2011.11.24"]
[SourceQuality "1"]
[WhiteTeam "Regensburg Fortuna"]
[BlackTeam "Wuerzburg"]
[WhiteTeamCountry "GER"]
[BlackTeamCountry "GER"]

1. e4 c5 2. Nf3 d6 3. d4 cxd4 4. Nxd4 Nf6 5. Nc3 a6 6. Be3 Ng4 7. Bc1 Nf6 8. f3 e5 9. Nb3 Be6 10. Be3 h5 11. Nd5 Bxd5 12. exd5 Nbd7 13. c4 b6 14. Bd3 g6 15. 0-0 Bg7 16. Nd2 0-0 17. Rb1 b5 18. Ne4 Nxe4 19. fxe4 bxc4 20. Bxc4 Nf6 21. Qe2 Ng4 22. Bd2 Bh6 23. Bxh6 Qb6+ 24. Kh1 Nxh6 25. Bd3 a5 26. h3 Kg7 27. Rbc1 Rac8 28. b3 Rc5 29. Qf2 Rfc8 30. Rc4 Qd8 31. Rfc1 Rxc4 32. bxc4 Qc7 33. Rb1 Rb8 34. Rb5 Rxb5 35. cxb5 Qc3 36. Bf1 Qb4 37. b6 Ng8 38. a3 Qb1 39. Kh2 Nf6 40. Qg1 Nd7 41. Be2 Qxb6 42. Qxb6 Nxb6 43. h4 Kh6 44. g3 f5 45. Bd3 fxe4 46. Bxe4 Nc4 47. Kg2 Nxa3 48. Bd3 e4 49. Bxe4 Nb5 0-1

[Event "Oberliga Bayern 1011"]
[Site "Germany"]
[Date "2011.01.16"]
[Round "5.1"]
[White "Baldauf, Marco"]
[Black "Siepelt, Heiner"]
[Result "0-1"]
[WhiteElo "2358"]
[BlackElo "2328"]
[PlyCount "82"]
[EventDate "2010.10.10"]
[EventType "team-tourn"]
[EventRounds "9"]
[EventCountry "GER"]
[SourceTitle "EXT 2012"]
[Source "ChessBase"]
[SourceDate "2011.11.24"]
[SourceVersion "1"]
[SourceVersionDate "2011.11.24"]
[SourceQuality "1"]
[WhiteTeam "Pang/Rosenheim"]
[BlackTeam "Wuerzburg"]
[WhiteTeamCountry "GER"]
[BlackTeamCountry "GER"]

1. d4 Nf6 2. c4 g6 3. g3 c5 4. d5 b5 5. cxb5 a6 6. bxa6 Nxa6 7. Nc3 d6 8. Bg2 Bg7 9. Nf3 0-0 10. 0-0 Bf5 11. Ne1 Qd7 12. Bd2 Rfb8 13. b3 Bh3 14. e4 Ra7 15. Nc2 Nc7 16. Qe2 Bxg2 17. Kxg2 Nb5 18. Na4 e6 19. dxe6 Qxe6 20. Rfe1 Nd7 21. Rac1 Ne5 22. Bf4 Rbb7 23. Be3 Nd7 24. Qd3 Ne5 25. Qd2 Qg4 26. Bf4 Qf3+ 27. Kg1 Qd3 28. Kg2 Qxd2 29. Bxd2 Nd3 30. Ne3 Nxe1+ 31. Rxe1 Re7 32. Nd5 Re8 33. f3 Nc7 34. Nxc7 Rxc7 35. Bf4 Rc6 36. Rd1 Bd4 37. Rd2 Ra8 38. Kf1 f6 39. Ke2 Kf7 40. Kd3 Ke6 41. Kc4 g5 0-1

[Event "Oberliga Bayern 1011"]
[Site "Germany"]
[Date "2010.12.12"]
[Round "4.2"]
[White "Loetscher, Roland"]
[Black "Siepelt, Heiner"]
[Result "0-1"]
[WhiteElo "2284"]
[BlackElo "2328"]
[PlyCount "62"]
[EventDate "2010.10.10"]
[EventType "team-tourn"]
[EventRounds "9"]
[EventCountry "GER"]
[SourceTitle "EXT 2012"]
[Source "ChessBase"]
[SourceDate "2011.11.24"]
[SourceVersion "1"]
[SourceVersionDate "2011.11.24"]
[SourceQuality "1"]
[WhiteTeam "Garching"]
[BlackTeam "Wuerzburg"]
[WhiteTeamCountry "GER"]
[BlackTeamCountry "GER"]

1. d4 Nf6 2. c4 g6 3. Nc3 Bg7 4. e4 d6 5. Nf3 0-0 6. Be2 Na6 7. 0-0 e5 8. Rb1 exd4 9. Nxd4 Re8 10. f3 c6 11. Kh1 Nc7 12. Bg5 h6 13. Bh4 a6 14. Qb3 Qe7 15. Rbd1 Ne6 16. Qa3 Nf4 17. Rfe1 Qe5 18. Bf1 Bf8 19. Qb3 Bg7 20. Bf2 c5 21. Nde2 Nxe2 22. Rxe2 b5 23. Bg3 Qg5 24. Red2 Nh5 25. Bxd6 Be6 26. Nd5 Bd4 27. cxb5 axb5 28. Bxb5 Red8 29. Bc7 Rdc8 30. Bc4 Rxc7 31. Nxc7 Ng3+ 0-1

[Event "Oberliga Bayern 0910"]
[Site "Bayern"]
[Date "2010.03.21"]
[Round "8.1"]
[White "Kraft, Volker"]
[Black "Siepelt, Heiner"]
[Result "1/2-1/2"]
[WhiteElo "2389"]
[BlackElo "2265"]
[PlyCount "94"]
[EventDate "2009.10.18"]
[EventType "team-tourn"]
[EventRounds "9"]
[EventCountry "GER"]
[SourceTitle "EXT 2011"]
[Source "ChessBase"]
[SourceDate "2010.11.26"]
[SourceVersion "1"]
[SourceVersionDate "2010.11.26"]
[SourceQuality "1"]
[WhiteTeam "Zirndorf"]
[BlackTeam "Wuerzburg"]
[WhiteTeamCountry "GER"]
[BlackTeamCountry "GER"]

1. e4 c5 2. c3 g6 3. d4 cxd4 4. cxd4 d5 5. exd5 Nf6 6. Bc4 Nxd5 7. Qb3 e6 8. Nc3 Nb6 9. Bb5+ Bd7 10. Nf3 Bxb5 11. Nxb5 Nc6 12. 0-0 Bg7 13. Bg5 Qb8 14. Qa3 Bf8 15. Qe3 Nd5 16. Qe4 Bg7 17. Nc3 Nxc3 18. bxc3 0-0 19. Rad1 Re8 20. Rfe1 Qc8 21. h4 Ne7 22. h5 Nd5 23. h6 Bf8 24. Rc1 b5 25. Bd2 Qc7 26. Ne5 Rac8 27. c4 bxc4 28. Rxc4 Qb7 29. Rec1 Rxc4 30. Rxc4 Rc8 31. Rxc8 Qxc8 32. Qf3 Qb7 33. Kh2 Qc7 34. g3 f6 35. Ng4 Kf7 36. Ne5+ Kg8 37. Ng4 Be7 38. Ne3 Qd7 39. Nxd5 Qxd5 40. Qc3 Qxa2 41. Qc8+ Kf7 42. Qh8 Qxd2 43. Qxh7+ Ke8 44. Qxg6+ Kd7 45. h7 Qxf2+ 46. Kh1 Qf1+ 47. Kh2 Qf2+ 1/2-1/2

[Event "Oberliga Bayern 0910"]
[Site "Bayern"]
[Date "2010.02.28"]
[Round "7.1"]
[White "Siepelt, Heiner"]
[Black "Taggatz, Mario"]
[Result "1/2-1/2"]
[WhiteElo "2265"]
[BlackElo "2280"]
[PlyCount "43"]
[EventDate "2009.10.18"]
[EventType "team-tourn"]
[EventRounds "9"]
[EventCountry "GER"]
[SourceTitle "EXT 2011"]
[Source "ChessBase"]
[SourceDate "2010.11.26"]
[SourceVersion "1"]
[SourceVersionDate "2010.11.26"]
[SourceQuality "1"]
[WhiteTeam "Wuerzburg"]
[BlackTeam "Groebenzell"]
[WhiteTeamCountry "GER"]
[BlackTeamCountry "GER"]

1. Nf3 c5 2. e4 e6 3. d3 Nc6 4. g3 g6 5. Bg2 Bg7 6. c3 Nge7 7. Be3 b6 8. Qd2 0-0 9. Bh6 d5 10. Bxg7 Kxg7 11. exd5 Nxd5 12. 0-0 Bb7 13. Re1 Rc8 14. Na3 Rc7 15. Nc4 Nde7 16. Rad1 b5 17. Ne3 Rd7 18. Ng4 Nf5 19. Nge5 Nxe5 20. Nxe5 Rc7 21. Bxb7 Rxb7 22. Qf4 1/2-1/2

[Event "Oberliga Bayern 0910"]
[Site "Bayern"]
[Date "2010.02.07"]
[Round "6.1"]
[White "Vogel, Robert"]
[Black "Siepelt, Heiner"]
[Result "0-1"]
[WhiteElo "2219"]
[BlackElo "2265"]
[PlyCount "48"]
[EventDate "2009.10.18"]
[EventType "team-tourn"]
[EventRounds "9"]
[EventCountry "GER"]
[SourceTitle "EXT 2011"]
[Source "ChessBase"]
[SourceDate "2010.11.26"]
[SourceVersion "1"]
[SourceVersionDate "2010.11.26"]
[SourceQuality "1"]
[WhiteTeam "Pang/Rosenheim"]
[BlackTeam "Wuerzburg"]
[WhiteTeamCountry "GER"]
[BlackTeamCountry "GER"]

1. d4 Nf6 2. c4 g6 3. Nc3 Bg7 4. e4 d6 5. f3 0-0 6. Be3 a6 7. Qd2 Nbd7 8. Nge2 c5 9. dxc5 dxc5 10. Nf4 e6 11. Be2 Qc7 12. 0-0 Ne5 13. Rfd1 Bd7 14. Bf1 Rfc8 15. Rac1 Be8 16. b3 Rd8 17. Qf2 Nfg4 18. Nxe6 fxe6 19. fxg4 Nxg4 20. Qf4 Bh6 21. Qxc7 Bxe3+ 22. Kh1 Nf2+ 23. Kg1 Nxd1+ 24. Kh1 Bxc1 0-1

[Event "Oberliga Bayern 0910"]
[Site "Bayern"]
[Date "2009.12.13"]
[Round "4.2"]
[White "Siepelt, Heiner"]
[Black "Sommer, Matthias"]
[Result "1-0"]
[WhiteElo "2265"]
[BlackElo "2125"]
[PlyCount "107"]
[EventDate "2009.10.18"]
[EventType "team-tourn"]
[EventRounds "9"]
[EventCountry "GER"]
[SourceTitle "EXT 2011"]
[Source "ChessBase"]
[SourceDate "2010.11.26"]
[SourceVersion "1"]
[SourceVersionDate "2010.11.26"]
[SourceQuality "1"]
[WhiteTeam "Wuerzburg"]
[BlackTeam "Nuernberg NT II"]
[WhiteTeamCountry "GER"]
[BlackTeamCountry "GER"]

1. e4 c5 2. Nc3 Nc6 3. Nge2 e5 4. Nd5 d6 5. Nec3 Be6 6. Bc4 Be7 7. d3 h6 8. 0-0 Nf6 9. f4 exf4 10. Bxf4 Qd7 11. a3 Nd4 12. Qd2 Nxd5 13. Nxd5 Qd8 14. c3 Nc6 15. b4 b6 16. d4 cxd4 17. cxd4 0-0 18. Nxe7+ Nxe7 19. d5 Bg4 20. Qe3 Ng6 21. Bg3 a5 22. Rac1 Ra7 23. Bb5 axb4 24. axb4 Rc7 25. Rc6 Rxc6 26. Bxc6 Qc7 27. Ra1 Rb8 28. b5 Qe7 29. Qd4 Ne5 30. Qc3 Qf6 31. Rc1 Rd8 32. h3 Bc8 33. Qe3 Qg5 34. Bf4 Qg6 35. Ra1 Nc4 36. Qf3 Bd7 37. Kh2 Qf6 38. Rc1 Ne5 39. Qg3 Nd3 40. Rf1 Nxf4 41. Qxf4 Qe5 42. Qxe5 dxe5 43. Ra1 f5 44. Ra7 Bc8 45. Kg3 fxe4 46. Kf2 Bf5 47. Ke3 Kf8 48. Ra6 Ke7 49. Rxb6 Kd6 50. Ra6 Bc8 51. Ra8 Kc7 52. Kxe4 Rf8 53. Kxe5 Rf5+ 54. Kd4 1-0

[Event "Oberliga Bayern 0809"]
[Site "Bayern"]
[Date "2009.03.29"]
[Round "9.1"]
[White "Siepelt, Heiner"]
[Black "Jirovsky, Pavel"]
[Result "1/2-1/2"]
[WhiteElo "2276"]
[BlackElo "2295"]
[PlyCount "21"]
[EventDate "2008.10.05"]
[EventType "team-tourn"]
[EventRounds "9"]
[EventCountry "GER"]
[SourceTitle "EXT 2020"]
[Source "ChessBase"]
[SourceDate "2019.10.17"]
[SourceVersion "1"]
[SourceVersionDate "2019.10.17"]
[SourceQuality "1"]
[WhiteTeam "Wuerzburg"]
[BlackTeam "Koenigshofen"]
[WhiteTeamCountry "GER"]
[BlackTeamCountry "GER"]

1. e4 d5 2. exd5 Qxd5 3. Nc3 Qd6 4. d4 Nf6 5. Nf3 c6 6. Ne5 Nbd7 7. Bf4 Nd5 8. Nxd5 Qxd5 9. Qd3 g6 10. Qe3 Nxe5 11. Qxe5 1/2-1/2

[Event "Oberliga Bayern 0809"]
[Site "Bayern"]
[Date "2009.03.15"]
[Round "8.2"]
[White "Siepelt, Heiner"]
[Black "Blaskowski, Johannes"]
[Result "1/2-1/2"]
[WhiteElo "2276"]
[BlackElo "2295"]
[PlyCount "96"]
[EventDate "2008.10.05"]
[EventType "team-tourn"]
[EventRounds "9"]
[EventCountry "GER"]
[SourceTitle "EXT 2020"]
[Source "ChessBase"]
[SourceDate "2019.10.17"]
[SourceVersion "1"]
[SourceVersionDate "2019.10.17"]
[SourceQuality "1"]
[WhiteTeam "Wuerzburg"]
[BlackTeam "Pang/Rosenheim"]
[WhiteTeamCountry "GER"]
[BlackTeamCountry "GER"]

1. e4 c5 2. Nf3 e6 3. d3 d5 4. Qe2 Nc6 5. g3 dxe4 6. dxe4 Nf6 7. e5 Nd7 8. Bg2 Qc7 9. Bf4 h6 10. h4 Be7 11. c4 Nd4 12. Nxd4 cxd4 13. Nd2 Qa5 14. a3 Rb8 15. h5 b5 16. 0-0 bxc4 17. Nxc4 Ba6 18. Rfc1 Qa4 19. b4 0-0 20. Qe4 Rfd8 21. Nd6 Bxd6 22. exd6 d3 23. Bf1 Qb5 24. Qf3 Qf5 25. g4 Qf6 26. Qg3 e5 27. Be3 Qxd6 28. Bxa7 Ra8 29. Be3 Nf6 30. Bg2 Rac8 31. Rc5 Rxc5 32. bxc5 Qe6 33. Bf3 Nd5 34. Bd2 Bb7 35. Re1 f6 36. Be4 Bc6 37. Bf5 Qe7 38. Qxd3 Nf4 39. Qb3+ Bd5 40. Qc3 Ng2 41. c6 Nxe1 42. Bxe1 Qc7 43. Qa5 Qxa5 44. Bxa5 Ra8 45. c7 Bb7 46. Bb6 Kf7 47. a4 Rxa4 48. c8Q Ra1+ 1/2-1/2

[Event "Oberliga Bayern 0708"]
[Site "Bayern"]
[Date "2008.04.06"]
[Round "8.3"]
[White "Siepelt, Heiner"]
[Black "Cernousek, Lukas"]
[Result "1-0"]
[WhiteElo "2261"]
[BlackElo "2420"]
[PlyCount "81"]
[EventDate "2007.10.21"]
[EventType "team-tourn"]
[EventRounds "9"]
[EventCountry "GER"]
[SourceTitle "EXT 2009"]
[Source "ChessBase"]
[SourceDate "2008.11.26"]
[SourceVersion "1"]
[SourceVersionDate "2008.11.26"]
[SourceQuality "1"]
[WhiteTeam "Wuerzburg"]
[BlackTeam "Bamberg"]
[WhiteTeamCountry "GER"]
[BlackTeamCountry "GER"]

1. e4 c5 2. Nf3 d6 3. d4 Nf6 4. Nc3 cxd4 5. Nxd4 Nc6 6. h3 e5 7. Nf3 h6 8. Be2 Be6 9. 0-0 Be7 10. Re1 0-0 11. Bf1 Qa5 12. Bd2 Qc7 13. Nb5 Qd7 14. c4 a6 15. Nc3 Bd8 16. Rc1 Ne7 17. Be3 Ba5 18. Nd2 Rfc8 19. a3 Bxc3 20. Rxc3 b5 21. Qc2 bxc4 22. Nxc4 Bxc4 23. Rxc4 d5 24. exd5 Nexd5 25. Bc5 Re8 26. b4 a5 27. Qb2 axb4 28. axb4 e4 29. Rd4 Re5 30. Qb3 Qf5 31. Rdd1 e3 32. Bxe3 Rae8 33. Bd3 Qh5 34. Bd2 Ne4 35. Bxe4 Rxe4 36. b5 Re2 37. Rxe2 Rxe2 38. Bxh6 gxh6 39. Rxd5 Re1+ 40. Kh2 Qe2 41. Qg3+ 1-0

[Event "Oberliga Bayern 0708"]
[Site "Bayern"]
[Date "2008.03.09"]
[Round "7.2"]
[White "Schmidt, Georg"]
[Black "Siepelt, Heiner"]
[Result "1-0"]
[WhiteElo "2346"]
[BlackElo "2261"]
[PlyCount "59"]
[EventDate "2007.10.21"]
[EventType "team-tourn"]
[EventRounds "9"]
[EventCountry "GER"]
[SourceTitle "EXT 2009"]
[Source "ChessBase"]
[SourceDate "2008.11.26"]
[SourceVersion "1"]
[SourceVersionDate "2008.11.26"]
[SourceQuality "1"]
[WhiteTeam "Muenchen Tarrasch"]
[BlackTeam "Wuerzburg"]
[WhiteTeamCountry "GER"]
[BlackTeamCountry "GER"]

1. e4 c5 2. Nf3 d6 3. Bb5+ Bd7 4. Bxd7+ Nxd7 5. 0-0 Ngf6 6. Qe2 e6 7. c4 Be7 8. d4 cxd4 9. Nxd4 0-0 10. Nc3 a6 11. b3 Rc8 12. Bb2 Re8 13. Rad1 Bf8 14. f4 Qc7 15. Qf3 g6 16. Kh1 Rcd8 17. Nc2 Bg7 18. Ba3 Nc5 19. Nd4 Qa5 20. Bb2 Ncd7 21. Nde2 Qc7 22. Rd2 Bf8 23. h3 Qc5 24. Ng3 Qc6 25. Qf2 Nc5 26. Qf3 Bg7 27. Rfd1 Rd7 28. b4 Na4 29. b5 Qxc4 30. Rd4 1-0

[Event "Oberliga Bayern 0708"]
[Site "Bayern"]
[Date "2007.10.21"]
[Round "1.2"]
[White "Heidrich, Manfred"]
[Black "Siepelt, Heiner"]
[Result "1/2-1/2"]
[WhiteElo "2314"]
[BlackElo "2261"]
[PlyCount "36"]
[EventDate "2007.10.21"]
[EventType "team-tourn"]
[EventRounds "9"]
[EventCountry "GER"]
[SourceTitle "EXT 2009"]
[Source "ChessBase"]
[SourceDate "2008.11.26"]
[SourceVersion "1"]
[SourceVersionDate "2008.11.26"]
[SourceQuality "1"]
[WhiteTeam "Forchheim"]
[BlackTeam "Wuerzburg"]
[WhiteTeamCountry "GER"]
[BlackTeamCountry "GER"]

1. e4 c5 2. c3 g6 3. d4 cxd4 4. cxd4 d5 5. exd5 Nf6 6. Nc3 Nxd5 7. Qb3 Nb6 8. d5 Bg7 9. Be3 0-0 10. Rd1 Na6 11. Be2 Qd6 12. Nf3 Qb4 13. 0-0 Bd7 14. Qxb4 Nxb4 15. Bd4 Rac8 16. d6 exd6 17. Bxg7 Kxg7 18. Rxd6 Rfe8 1/2-1/2